000 00473nam a2200169Ia 4500
008 240729s9999 xx 000 0 und d
022 _a1369-1643
245 0 _aSarcoma
260 _aUnited Kingdom
260 _bHindawi Limited
650 _a Internal medicine
650 _a Neoplasms. Tumors. Oncology. Including cancer and carcinogens
650 _aMedicine
856 _uhttps://doaj.org/toc/9c8d5c11fe6643a598ddf6ae6ec553e8
942 _2ddc
942 _cDOAJEJ
999 _c71702
_d71702
945 _a1
_bMadushi Gamage
_c1
_dMadushi Gamage